01265nam a2200241 4500001000400000003000400004005001700008008004100025040000800066041000800074082001800082245006400100260003800164300001500202520063000217650002600847650003700873650001300910650002800923650002200951655001900973700003100992389OSt20250409081151.0250408b |||||||b |||| 00| 1 eng d bpor hpor aI 028.5bC571 aA cigarra e a formiga /cIlustrações de Yasmin Mundaca aBelo HorizontebEducacionalc1998 a23 p.bil. aNo calor do verão, a cigarra só queria cantar e brincar, sem se preocupar com o amanhã. Já a formiga, muito esperta, trabalhava sem parar, juntando comidinha para quando o frio chegasse. De repente, o verão acabou e o inverno chegou, trazendo neve e muito frio. A cigarra, sem ter o que comer e onde se abrigar, ficou desesperada! Ela lembrou da formiga e foi pedir ajuda. O que será que a formiga vai fazer? Será que ela vai ajudar a amiga cigarra? Essa história divertida nos ensina como é importante pensar no futuro e também sobre a amizade! Venha descobrir o que acontece com a cigarra e a formiga! 0aLiteratura Brasileira 0aHistórias clássicas infantis 0aInfantil 0aAmizade e Solidariedade 0aFormiga e Cigarra 0aLivro Infantil aYasmin MundacaeILUSTRADOR